00761nam a22001577a 4500999001900000008004100019100002700060245004600087260003300133300003600166520023600202773003300438906001700471942000700488952010800495 c533144d533144260427b ||||| |||| 00| 0 eng d aKharat, Vaibhav960256 aAn invitation to step off the glass floor aEconomic & Political Weekly  a61(7), Feb 14, 2026: p.29-31b  aMeet the Savarnas: Indian Millennials Whose Mediocrity Broke Everything by Ravikant Kisana, New Delhi: Ebury Press, 2025; pp 256, ₹699.-Reproduced https://www.epw.in/journal/2026/7/book-reviews/invitation-step-glass-floor.html  aEconomic & Political Weekly  aBOOK REVIEW  cAR 00102ddc40709408315aIIPAbIIPAd2026-04-27h61(7), Feb 14, 2026: p.29-31pAR138654r2026-04-27yAR